Central Library OPAC University of Rajshahi

Decision networks / (Record no. 15423)

MARC details
000 -LEADER
fixed length control field 00944pam a2200313 i 4500
001 - CONTROL NUMBER
control field 15423
003 - CONTROL NUMBER IDENTIFIER
rucl marc code BD-RjUL
005 - DATE AND TIME OF LATEST TRANSACTION
control field 20211208235819.0
008 - FIXED-LENGTH DATA ELEMENTS--GENERAL INFORMATION
fixed length control field 140210s1978 enka b 00110 eng
020 ## - INTERNATIONAL STANDARD BOOK NUMBER
International Standard Book Number 0471995312
035 ## - SYSTEM CONTROL NUMBER
System control number (BD-RjUL)15477
040 ## - CATALOGING SOURCE
Original cataloging agency DLC
Transcribing agency DLC
Modifying agency m.c.
-- BOS
Language of cataloging eng
041 ## - LANGUAGE CODE
Language code of text/sound track or separate title eng
082 ## - DEWEY DECIMAL CLASSIFICATION NUMBER
Classification number 658.401
Author mark and year HAD 1978
100 10 - MAIN ENTRY--PERSONAL NAME
Personal name Hastings, N. A. J.,
Dates associated with a name 1937-
9 (RLIN) 47904
245 10 - TITLE STATEMENT
Title Decision networks /
Statement of responsibility, etc. N. A. J. Hastings and J. M. C. Mello.
260 ## - PUBLICATION, DISTRIBUTION, ETC. (IMPRINT)
Place of publication, distribution, etc. Chichester ;
-- New York :
Name of publisher, distributor, etc. Wiley,
Date of publication, distribution, etc. c1978.
300 ## - PHYSICAL DESCRIPTION
Pagination ix, 196 p. :
Illustrations ill. ;
Size 24 cm.
500 ## - GENERAL NOTE
General note "A Wiley-Interscience publication."
General note Includes index.
504 ## - BIBLIOGRAPHY, ETC. NOTE
Bibliography, etc Bibliography: p. 191-192.
650 #0 - SUBJECT ADDED ENTRY--TOPICAL TERM
Topical term or geographic name as entry element Decision making.
9 (RLIN) 47905
Topical term or geographic name as entry element Industrial management.
9 (RLIN) 47906
Topical term or geographic name as entry element Statistical decision.
9 (RLIN) 47907
700 10 - ADDED ENTRY--PERSONAL NAME
Personal name Mello, J. M. C.,
Relator term joint author.
942 ## - ADDED ENTRY ELEMENTS (KOHA)
Source of classification or shelving scheme Dewey Decimal Classification
Koha item type Books
Holdings
Lost status Source of classification or shelving scheme Damaged status Not for loan Collection code Permanent Location Current Location Shelving location Date acquired Source of acquisition Cost, normal purchase price Total Checkouts Full call number Date last seen Copy number Koha item type
  Dewey Decimal Classification   Not For Loan Non-fiction Central Library, University of Rajshahi Central Library, University of Rajshahi Reading Room 13/10/1984 Tulip 63.75   658.401 HAD 1978 10/02/2014 C-1 Books
  Dewey Decimal Classification     Non-fiction Central Library, University of Rajshahi Central Library, University of Rajshahi Reading Room 13/10/1984 Tulip 63.00   658.401 HAD 1978 24/04/2017 C-2 Books